Statistieken voor Hoofdsteden van Spaanse regio's

Klik hier om de quiz te nemen!

Algemene statistieken

  • Deze quiz is 72 keer genomen
  • De gemiddelde score is 6 van 17

Antwoorden op de kaart

Antwoorden kleurgecodeerd door een groen-rode schaal op de quizkaart volgens % correct hieronder.
 

Antwoordstatistieken

RegioHoofdstad% Correct
CatalonieBarcelona
100%
MadridMadrid
98%
ValenciaValencia
88%
AndalusieSevilla
70%
MurciaMurcia
44%
BalearenPalma
44%
NavarraPamplona
33%
Castilie La ManchaToledo
23%
Castilie en LeónValladolid
21%
AsturieOviedo
12%
Canarische EilandenSanta Cruz
9%
AragonZaragossa
9%
BaskenlandVitoria-Gasteiz
5%
ExtremaduraMerida
2%
La RiojaLogroño
0%
CantabrieSantader
0%
GalicieSantago di
Compostella
0%

Scoreverdeling

Percentiel versus Aantal Correcte Antwoorden

Procent van Mensen met Elke Score

Uw Scoregeschiedenis

U heeft deze quiz nog niet genomen